Catalog

Record Details

Catalog Search



Aku : journey to Ibra / Micah Johnson ; ... Read More

Johnson, Micah, 1990-(author., Author, Author).
Meer, Durk van der, 1978-(illustrator.).
Series: Aku ; 1

Available copies

  • 2 of 2 copies available at LARL/NWRL Consortium.
  • 2 of 2 copies available at Lake Agassiz Regional Library. (Show preferred library)

Current holds

0 current holds with 2 total copies.

Show Only Available Copies
Location Call Number / Copy Notes Barcode Shelving Location Status Due Date
Fertile Public Library J JOH (Text) 33500014354245 New Available -
Fosston Public Library J JOH (Text) 33500014354252 New Available -

Record details

  • ISBN: 9780593811801
  • ISBN: 0593811801
  • ISBN: 9780593811788
  • ISBN: 059381178X
  • ISBN: 9780593811795
  • ISBN: 0593811798
  • Physical Description: 216 pages : illustrations ; 22 cm.
  • Publisher: New York : Random House, [2026]

Content descriptions

Summary, etc.:
"When 12-year-old daydreamer Aku inherits an ... Read More
Target Audience Note:
Ages 8-12 Random House.
Grades 4-6 Random House.
Subject: Adventure and adventurers > Juvenile fiction.
Human-alien encounters > Juvenile fiction.
Outer space > Juvenile fiction.
Metaverse > Juvenile fiction.
Human-alien encounters > Fiction.
Adventure and adventurers > Fiction.
Science fiction.
JUVENILE FICTION / Science Fiction / Space Exploration.
Genre: Action and adventure fiction.
Science fiction.
Novels.
LDR 03800cam a22007578i 4500
001479165
003LARL_NWRL_CONSORTIUM
00520260326211336.0
008251208s2026 nyua c 000 1 eng
007ta
010 . ‡a 2025037545
040 . ‡aDLC ‡beng ‡erda ‡cDLC ‡dOCLCO ‡dIG# ‡dLMJ ‡dCHILD ‡dNTG ‡dOCLCA ‡dTOH ‡dLE# ‡dOCLCO ‡dGO3 ‡dRB0 ‡dRNL ‡dOCLCO ‡dJBI
019 . ‡a1523188511
020 . ‡a9780593811801 ‡q(trade paperback)
020 . ‡a0593811801 ‡q(trade paperback)
020 . ‡a9780593811788 ‡q(hardcover)
020 . ‡a059381178X ‡q(hardcover)
020 . ‡a9780593811795 ‡q(library binding)
020 . ‡a0593811798
035 . ‡a(OCoLC)1523195342 ‡z(OCoLC)1523188511
042 . ‡apcc
08200. ‡a[Fic]
1001 . ‡aJohnson, Micah, ‡d1990- ‡eauthor. ‡4aut ‡4http://id.loc.gov/vocabulary/relators/aut ‡1http://id.loc.gov/rwo/agents/n2025520168
24510. ‡aAku : ‡bjourney to Ibra / ‡cMicah Johnson ; illustrated by Durk Van Der Meer.
2463 . ‡aJourney to Ibra
264 1. ‡aNew York : ‡bRandom House, ‡c[2026]
300 . ‡a216 pages : ‡billustrations ; ‡c22 cm.
334 . ‡asingle unit ‡bmono ‡0http://id.loc.gov/vocabulary/issuance/mono
336 . ‡atext ‡btxt ‡2rdacontent ‡0http://id.loc.gov/vocabulary/contentTypes/txt
337 . ‡aunmediated ‡bn ‡2rdamedia ‡0http://id.loc.gov/vocabulary/mediaTypes/n
338 . ‡avolume ‡bnc ‡2rdacarrier ‡0http://id.loc.gov/vocabulary/carriers/nc
385 . ‡mAge group ‡nage ‡aPreteens ‡2lcdgt ‡0http://id.loc.gov/authorities/demographicTerms/dg2015060394
4900 . ‡aAku ; ‡v1
520 . ‡a"When 12-year-old daydreamer Aku inherits an astronaut helmet from his dead grandmother, he gains the power to transport himself throughout the metaverse. Now, he has no choice but to become the space hero he always wanted to be."-- Provided by publisher.
5211 . ‡aAges 8-12 ‡bRandom House.
5212 . ‡aGrades 4-6 ‡bRandom House.
650 0. ‡aAdventure and adventurers ‡vJuvenile fiction.
650 0. ‡aHuman-alien encounters ‡vJuvenile fiction. ‡0(LARL_NWRL_CONSORTIUM)172451
651 0. ‡aOuter space ‡vJuvenile fiction.
650 0. ‡aMetaverse ‡vJuvenile fiction.
650 1. ‡aHuman-alien encounters ‡vFiction. ‡0(LARL_NWRL_CONSORTIUM)165608
650 1. ‡aAdventure and adventurers ‡vFiction. ‡0(LARL_NWRL_CONSORTIUM)175858
650 1. ‡aScience fiction. ‡0(LARL_NWRL_CONSORTIUM)30394
650 7. ‡aJUVENILE FICTION / Science Fiction / Space Exploration. ‡2bisacsh
655 7. ‡aAction and adventure fiction. ‡2lcgft
655 7. ‡aScience fiction. ‡2lcgft
655 7. ‡aNovels. ‡2lcgft
7001 . ‡aMeer, Durk van der, ‡d1978- ‡eillustrator.
758 . ‡1http://id.loc.gov/resources/instances/in00024361423
758 . ‡4http://id.loc.gov/ontologies/bibframe/instanceOf ‡1http://id.loc.gov/resources/works/in00024361423
77608. ‡iOnline version ‡4http://id.loc.gov/entities/relationships/onlineversion ‡aJohnson, Micah ‡tAku ‡dNew York : Random House, 2026 ‡z9780593811818 ‡w(DLC) 2025037546
884 . ‡aDLC bibframe2marc v3.1-dev ‡g20251209 ‡qDLC ‡uhttps://github.com/lcnetdev/bibframe2marc/tree/v3.1-dev
901 . ‡a479165 ‡bOCoLC ‡c479165 ‡tbiblio ‡soclc

Additional Resources